TNA World Champions - Sudden Death - Statistics

General Stats
  • This quiz has been taken 52 times
  • The average score is 10 of 21
Answers on the Grid
Answers color-coded by a green-red scale on the quiz's grid according to % correct below.
Abyss
Alberto El Patron
Alex Shelley
Austin Aries
Bobby Lashley
Booker T
Bram
Chris Harris
Chris Sabin
Christopher Daniels
Cody
Davey Richards
Desmond Wolfe
Drew Galloway
Eddie Edwards
Eli Drake
Eric Young
Frankie Kazarian
Heath
Hernandez
Homicide
Jake Hager
James Storm
Jay Lethal
Jeff Hardy
Johnny Impact
Kevin Nash
Low Ki
Magnus
Matt Hardy
Matt Morgan
Mick Foley
Monty Brown
MVP
Nic Nemeth
Pentagon Jr.
Raven
Rey Fenix
Rhino
Rob Van Dam
Suicide
Tommy Dreamer
 
Answer Stats
Answer % Correct
Austin Aries
79%
Abyss
75%
Bobby Lashley
75%
Alberto El Patron
71%
Alex Shelley
57%
Chris Sabin
57%
Eric Young
54%
Drew Galloway
50%
Eli Drake
50%
Eddie Edwards
43%
Jeff Hardy
43%
James Storm
36%
Magnus
36%
Matt Hardy
36%
Johnny Impact
32%
Mick Foley
32%
Rob Van Dam
32%
Nic Nemeth
29%
Pentagon Jr.
29%
Raven
25%
Rhino
21%
No matching quizzes found
Score Distribution
Percent of People with Each Score
Percentile by Number Answered
Your Score History
You have not taken this quiz